| 000 | 00770nam a2200181 a 4500 | ||
|---|---|---|---|
| 001 | 000028791 | ||
| 005 | 20240229073823.0 | ||
| 008 | 110412s2005 dr 000 0 spa d | ||
| 040 |
_aDO-SdBNP _bspa _cBNPHU |
||
| 082 |
_axxx _bR426 |
||
| 110 | 1 |
_aRepública Dominicana _9447 |
|
| 240 | 1 | 0 | _a[Leyes, etc.] |
| 245 | 1 | 0 |
_aReglamento juez de la ejecución de la pena código procesal penal : _b(Resolución No.296-2005 6 de abril del 2005) / _cprólogo Jorge Subero Isa ; presentación Servio Tulio Castaños Guzmán. |
| 260 |
_aSanto Domingo : _bSuprema Corte de Justicia : _bFundación Institucionalidad y Justicia (FINJUS), _c2005. |
||
| 300 |
_a66 p. ; _c22 cm. |
||
| 700 | 1 |
_aSubero Isa, Jorge A., _d1947- _epról. _976863 |
|
| 700 | 1 |
_aCastaños Guzmán, Servio Tulio, _99389 |
|
| 999 |
_c28283 _d28283 |
||